00562nam a2200169Ia 4500008004100000020002200041040002600063082001400089100003200103245006000135260003800195942001900233952010400252999001500356003000400371005001700375241127s9999||||xx |||||||||||||| ||und|| a9788121906289c00 bengcSSK Libraryerda a620.1/KHU a R. S. Khurmi & J. K. Gupta 0aMechanical Engineering: Conventional And Objective Type b Eurasia Publishing Housec©2004 22ddccBOOKnNo 00104070aSSHQbSSHQd2024-11-27l0o620.1/KHUp1000158r2024-11-27 13:56:02t1w2024-11-27yBOOK c8095d8095OSt20241127152734.0